El mito nazi

Đã lưu trong:
Chi tiết về thư mục
Tác giả chính: Lacoue-Labarthe, Philippe (Tác giả)
Tác giả khác: Nancy, Jean-Luc (autor)
Định dạng: Sách
Ngôn ngữ:Tiếng Tây Ban Nha
Được phát hành: Barcelona Anthropos 2011
Phiên bản:1a. ed
Loạt:Biblioteca A. Conciencia, 47
Những chủ đề:
Các nhãn: Thêm thẻ
Không có thẻ, Là người đầu tiên thẻ bản ghi này!

MARC

LEADER 00000cam a2200000 a 4500
001 UCD8801
003 CL-VaPUC
008 170527e20110000sp |||||||||||||||||spa|d
020 |a 9788476586440 
082 0 4 |a 320.533  |b LAC  |2 21 
100 |a Lacoue-Labarthe, Philippe  |e author  |9 592316 
700 |a Nancy, Jean-Luc  |e autor  |9 592317 
245 1 3 |a El mito nazi 
250 |a 1a. ed 
300 |a 93 p 
942 |c BK 
945 |d 20170527 00:32:00  |a dcastane 
260 |a Barcelona  |b Anthropos  |c 2011 
650 0 |a Nazismo   |9 347078 
650 0 |a Ideologías políticas   |9 255735 
650 0 |a Totalitarismo  |9 255261 
650 0 |a Propaganda política   |9 435732 
583 |a last modification  |c 20170527 00:32:00  |k Rodrigo Vera 
490 0 |a Biblioteca A. Conciencia, 47 
999 |c 368109  |d 368107 
952 |0 0  |1 0  |3 erb  |4 0  |6 320_533000000000000_LAC_2011  |7 0  |8 A  |9 483368  |a BIBEDU  |b BIBEDU  |i 5377668  |o 320.533 LAC 2011  |p 5377668  |r 2019-11-24  |w 2019-11-24  |y BK  |z Catalogado en:20170527  |k FIL